| 000 | 00634nam a22002057a 4500 | ||
|---|---|---|---|
| 999 |
_c191662 _d191662 |
||
| 005 | 20220831120155.0 | ||
| 010 | _aENG-134825 | ||
| 020 |
_c1000.00 _a8193623509 |
||
| 035 | _aEN-118357 | ||
| 037 | _bDBAD/PUB | ||
| 082 | _a780 | ||
| 100 | _aShruti | ||
| 245 |
_aThe Celenatic experience: _bCelebrating 225 years legacy of Sri Muthuswamy Deekshitar/ _cShruti and Sahana |
||
| 250 | _a | ||
| 260 |
_aChennai _bOpen Mind Music Management P Ltd. _c2017 |
||
| 270 |
_bChennai _a1,VGN,Street ,Devaraj Nagar , Saligramam _e600093 |
||
| 300 |
_a112p. _c24cm(hb) |
||
| 700 | _aSahana | ||
| 942 |
_2ddc _cEN _h780 _mSHR |
||